000 004400000a22001690004500
003 MACL
005 20160110143144.0
008 160110b xxu||||| |||| 00| 0 eng d
040 _aMACL
_cMACL
041 _aEnglish
082 _a711/CEC
100 _aCecil, Mrs Evelyn
_931014
245 _aLondon Parks and Gardens
260 _bArchibald Constable & Co Ltd
_c1907
_aLondon
650 _aLandscape Art
_922275
942 _cBK
_k711/CEC
_2ddc
999 _c36874
_d36874